[Event "Wch Blitz"]
[Site "Doha"]
[Date "2016.12.29"]
[Round "10"]
[White "Grischuk, Alexander"]
[Black "Bortnyk, Olexandr"]
[Result "0-1"]
[WhiteElo "2737"]
[BlackElo "2581"]
[PlyCount "142"]
[EventDate "2016.12.29"]
[EventType "swiss (blitz)"]
[EventRounds "21"]
[EventCountry "QAT"]
[SourceTitle "CBM 176 Extra"]
[Source "ChessBase"]
[SourceDate "2017.03.02"]
[SourceVersion "1"]
[SourceVersionDate "2017.03.02"]
[SourceQuality "1"]

1. d4 d6 2. e4 Nf6 3. Nc3 Nbd7 4. g3 e5 5. Nge2 Be7 6. Bg2 O-O 7. O-O Re8 8. h3
Bf8 9. g4 exd4 10. Qxd4 Nc5 11. Ng3 Nfd7 12. f4 c6 13. Qf2 Nxe4 14. Ncxe4 d5
15. Be3 dxe4 16. Nxe4 Qc7 17. Rad1 Nb6 18. f5 Nd5 19. Bd4 Bd7 20. c4 Nb6 21. b3
Rad8 22. Qh4 Bc8 23. Bb2 Rxd1 24. Rxd1 Nd7 25. Kh1 Ne5 26. c5 f6 27. Nd6 Bxd6
28. cxd6 Qf7 29. Qg3 h6 30. Re1 Nd7 31. h4 Rxe1+ 32. Qxe1 Kf8 33. Qe6 Nb6 34.
Qe3 Qe8 35. Qd2 Bd7 36. Kh2 Nd5 37. b4 Qe3 38. Qxe3 Nxe3 39. Bf3 Nc4 40. Bd4 b6
41. g5 hxg5 42. hxg5 fxg5 43. f6 g6 44. Bc3 Nxd6 45. Be5 Nc4 46. Bb8 a6 47. Be2
b5 48. Bxc4 bxc4 49. Be5 Kf7 50. Kg3 Bf5 51. Bc3 Ke6 52. Kf3 Kd7 53. Ke3 Be6
54. Ke4 Kd6 55. Be5+ Kd7 56. Bc3 g4 57. Kf4 Kd6 58. a4 Kd5 59. Ba1 g5+ 60. Ke3
g3 61. Kf3 g4+ 62. Kxg3 Ke4 63. f7 Bxf7 64. Kxg4 Kd3 65. Kf5 c3 66. Ke5 Bb3 67.
b5 cxb5 68. axb5 axb5 69. Kd6 Bc4 70. Kc5 c2 71. Bb2 Kd2 0-1

[Event "Wch Blitz"]
[Site "Doha"]
[Date "2016.12.29"]
[Round "12"]
[White "Grischuk, Alexander"]
[Black "Ivanchuk, Vassily"]
[Result "1/2-1/2"]
[WhiteElo "2737"]
[BlackElo "2747"]
[PlyCount "255"]
[EventDate "2016.12.29"]
[EventType "swiss (blitz)"]
[EventRounds "21"]
[EventCountry "QAT"]
[SourceTitle "CBM 176 Extra"]
[Source "ChessBase"]
[SourceDate "2017.03.02"]
[SourceVersion "1"]
[SourceVersionDate "2017.03.02"]
[SourceQuality "1"]

1. e4 c5 2. Nf3 d6 3. d4 cxd4 4. Nxd4 Nf6 5. Nc3 Nc6 6. Bg5 e6 7. Qd2 a6 8.
O-O-O Be7 9. Bxf6 gxf6 10. f4 Nxd4 11. Qxd4 b5 12. e5 d5 13. Be2 Bb7 14. f5
fxe5 15. Qxe5 Bf6 16. Qg3 Qb8 17. Qh3 d4 18. fxe6 dxc3 19. Rhf1 Qe5 20. Rde1
Qg5+ 21. Kb1 Bxg2 22. exf7+ Kf8 23. Qe6 Bxf1 24. Rxf1 Be7 25. bxc3 Rd8 26. h4
Qg6 27. Qe3 h5 28. Rg1 Qf6 29. Rf1 Qxf1+ 30. Bxf1 Rd1+ 31. Kb2 Rxf1 32. a4 bxa4
33. Qd4 a3+ 34. Ka2 Rh7 35. c4 Rfxf7 36. c5 Rf6 37. Qd5 Rhh6 38. Qa8+ Kg7 39.
Qg2+ Rhg6 40. Qd5 Rc6 41. Qxh5 Rxc5 42. Qe2 Bd6 43. h5 Rf6 44. Qg2+ Kh6 45.
Qd2+ Kxh5 46. Qe2+ Kg6 47. Qg2+ Rg5 48. Qe4+ Kh6 49. Qh1+ Rh5 50. Qe4 a5 51.
Qe3+ Rg5 52. Qh3+ Kg6 53. Qd3+ Rgf5 54. Qe4 Kg7 55. Qb7+ Rf7 56. Qg2+ Kf6 57.
Qe4 Re7 58. Qd4+ Ke6 59. Qg4 Ref7 60. Qc4+ Kd7 61. Qa4+ Kc7 62. Qc4+ Kd8 63.
Qd4 Kd7 64. Qa7+ Ke6 65. Qe3+ Re5 66. Qb3+ Ke7 67. Qb7+ Kf6 68. Qf3+ Rf5 69.
Qc3+ Ke7 70. Qe3+ Re5 71. Qd4 Rf3 72. Qh4+ Rf6 73. Qh7+ Kf8 74. Qd3 a4 75. Qd4
Ke7 76. Qxa4 Rc5 77. Qe4+ Be5 78. Qb7+ Rc7 79. Qb4+ Bd6 80. Qe4+ Re6 81. Qh7+
Kd8 82. Qg8+ Re8 83. Qg6 Be5 84. Qd3+ Rd7 85. Qb5 Bd6 86. Qa5+ Rc7 87. Qa8+ Kd7
88. Qa4+ Rc6 89. Qa7+ Bc7 90. Qd4+ Kc8 91. Qg4+ Kb8 92. Qb4+ Rb6 93. Qa4 Re5
94. Qc4 Rb2+ 95. Kxa3 Rb7 96. Qg8+ Ka7 97. Qg1+ Bb6 98. Qg4 Ra5+ 99. Kb3 Bc5+
100. Kc3 Ra3+ 101. Kd2 Bb4+ 102. Ke2 Re7+ 103. Kf1 Bc5 104. Qc4 Kb6 105. Kg2
Rae3 106. c3 Rg7+ 107. Kf1 Rgg3 108. Qb3+ Kc6 109. Qa4+ Kd6 110. Qa6+ Kd5 111.
c4+ Kd4 112. Qa1+ Rc3 113. Qd1+ Kxc4 114. Qa4+ Bb4 115. Qa2+ Kb5 116. Qd5+ Bc5
117. Qd7+ Kb4 118. Qb7+ Ka3 119. Qa6+ Kb2 120. Qb5+ Kc1 121. Qa5 Rcf3+ 122. Ke1
Rg1+ 123. Ke2 Re3+ 124. Kf2 Re5+ 125. Kf3 Rf1+ 126. Kg4 Rfe1 127. Qc3+ Kd1 128.
Qd3+ 1/2-1/2

[Event "Wch Blitz"]
[Site "Doha"]
[Date "2016.12.30"]
[Round "20"]
[White "Grischuk, Alexander"]
[Black "Korobov, Anton"]
[Result "1-0"]
[WhiteElo "2737"]
[BlackElo "2692"]
[PlyCount "45"]
[EventDate "2016.12.29"]
[EventType "swiss (blitz)"]
[EventRounds "21"]
[EventCountry "QAT"]
[SourceTitle "CBM 176 Extra"]
[Source "ChessBase"]
[SourceDate "2017.03.02"]
[SourceVersion "1"]
[SourceVersionDate "2017.03.02"]
[SourceQuality "1"]

1. Nf3 Nf6 2. c4 c6 3. Nc3 d5 4. d4 e6 5. Bg5 h6 6. Bh4 dxc4 7. e4 g5 8. Bg3 b5
9. Be2 Bb7 10. Ne5 Nbd7 11. O-O a6 12. f4 gxf4 13. Bxf4 Bg7 14. Nxf7 Kxf7 15.
e5 Rf8 16. exf6 Nxf6 17. Ne4 Nxe4 18. Bc7+ Kg8 19. Bxd8 Rxf1+ 20. Bxf1 Rxd8 21.
Qg4 c5 22. Re1 Rxd4 23. Qxe6+ 1-0

[Event "Sharjah FIDE GP"]
[Site "Sharjah"]
[Date "2017.02.22"]
[Round "5"]
[White "Grischuk, Alexander"]
[Black "Eljanov, Pavel"]
[Result "1-0"]
[WhiteElo "2742"]
[BlackElo "2759"]
[Annotator "Yermolinsky,A"]
[PlyCount "97"]
[EventDate "2017.02.18"]
[EventType "swiss"]
[EventRounds "9"]
[EventCountry "UAE"]
[SourceTitle "CBM 177"]
[Source "ChessBase"]
[SourceDate "2017.03.16"]
[SourceVersion "1"]
[SourceVersionDate "2017.03.16"]
[SourceQuality "1"]

1. d4 Nf6 2. c4 e6 3. Nf3 d5 4. Nc3 Bb4 {Black combines the ideas of Queen's
Gambit Declined and the Nimzo Indian into a complex setup, called the Ragozin
Defence.} 5. cxd5 ({Actually, most games played by Viacheslav Ragozin went} 5.
Qa4+ Nc6 {so the black c7-pawn didn't get into action early as the modern
treatment of this opening demands.}) 5... exd5 6. Bg5 h6 7. Bh4 O-O (7... g5 {
used to be the main move here.} 8. Bg3 Ne4 9. Nd2 Nxc3 ({There's something to
be said in favour of} 9... Nxg3 10. hxg3 c6 {Black gets his bishop pair at the
cost of weakening his K-side.}) 10. bxc3 Bxc3 11. Rc1 {here Black holds the
balance after the crafty move} Bb2 $1 {first found by Tal and lately used by
Aronian.}) ({Lately, the most attention was focused on} 7... c5 {which,
incidentally, was introduced by R.J. Fischer in the early 1960's.} 8. e3 ({
White can try to interfere with Black's plans by} 8. dxc5 {but then} Nbd7 9. e3
Qa5 {was upheld by both Anand and Carlsen in 2014, and later this line gained
a new supporter in Yu Yanguy. I guess, Black isn't doing so badly there.}) {
and then Black without further ado plays the bold} 8... c4 $1 {What to make of
this structure? White has to try for e3-e4, but it's easier said than done.
One modern example is a rapid game Duda-Wojtaszek, 2015:} 9. Nd2 g5 $1 10. Bg3
Nc6 11. Be2 Bf5 12. a3 Bxc3 13. bxc3 O-O 14. O-O b5 15. f3 Re8 16. Bf2 Bg6 17.
Qc1 a5 18. Re1 b4 19. e4 {with extreme complications.}) 8. e3 Bf5 {Now as
g7-g5 became less attractive (king safety issues) Black still has to try for
more than just a meek transition to a Queen's Gambit Exchange Variation.} (8...
Be7 $2 9. Qc2 {gives White an extra tempo in a familiar pawn structure.}) ({
The solution once again can be seeked in active counterplay:} 8... c5 9. Bd3 c4
10. Bc2 {White's light-squared bishop is much handier on the b1-h7 diagonal.}
Nbd7 11. O-O Qa5 12. Ne2 Re8 13. b3 Ba3 $1 14. bxc4 dxc4 {as once played by GM
Kacheishvili.}) 9. Qb3 {White is trying to hit both d5 and b7 to underline the
problem with Black's previous move.} ({A rather innocuous looking} 9. Bd3 {
nonetheless brought White success in Ragger-Inarkiev, ECC 2016:} Bxd3 10. Qxd3
Nbd7 11. Ne5 {<good old H.N. Pillsbury plan?>} Qe8 12. O-O c6 13. Nxd7 {
<not really>} Nxd7 14. a3 Bd6 15. e4 {Black's pieces are awkwardly placed here.
}) 9... Bxc3+ ({I'm curious about} 9... Nc6 $5 {Black is going full Ragozin.}
10. Be2 (10. Bb5 Rb8) 10... g5 11. Bg3 Ne4 12. O-O Bxc3 13. bxc3 Qd7 14. Rac1 (
14. Qxb7 Rab8 15. Qxc7 Qe6 {is very uncomfortable for the white queen.}) 14...
Na5 15. Qb4 b6 {That light-square blockade has a chance here, hasn't it?}) 10.
bxc3 Nbd7 11. Be2 c5 {All standard issue, and here Grischuk played a new move.}
12. dxc5 {Up to this point the players were following Ding Liren-Leko, 2016} ({
which saw} 12. O-O c4 {We already know the strength of this pawn push working
together with the black bishop controlling the b1-h7 diagonal.} 13. Qb2 Qb6 $11
) 12... Nxc5 13. Qb4 Nce4 ({Pavel took over 20 minutes contemplating} 13...
Nd3+ 14. Bxd3 Bxd3 15. Qd4 Ba6 {and decided against it. Indeed, he had to look
ahead to} 16. Bxf6 {and decide how to recapture. Both options are testing.}
gxf6 {seems the more principled choice.} (16... Qxf6 17. Qxf6 gxf6 18. Kd2 {
makes the white king very comfortable, therefore defeating the very purpose of
Black's Ba6.}) 17. Qg4+ Kh7 18. Qf5+ Kg7 19. Nd4 Qc7 20. Rc1 Rae8 21. h4 Re5
22. Qf4 Qc4 23. Rh3 {with unclear consequences.}) 14. Nd4 Bh7 15. O-O {White
has emerged with a castled king and safe pawn structure. Most 1.d4 players
would be content with that. The next order of business is to try for some
advantage by preparing c3-c4.} g5 16. Bg3 Qb6 {Eljanov is looking for
counterplay against White's split pawns. For that he's willing to double his
own pawns, but get the a-file open for the rook. Such strategy is typical for
Pavel's active positional style. In this game, however, he met an opponent to
match his wits.} 17. Qxb6 axb6 18. Rfc1 Rfc8 19. c4 Nxg3 20. hxg3 Rc5 21. Nb3
$1 Rc7 22. cxd5 Rxc1+ 23. Rxc1 Nxd5 24. Nd4 $1 {White has a small plus based
on the fact that his centralised knight is protected by a pawn, while its
black counterpart is not.} Bg6 ({Illustration:} 24... Rxa2 $2 {loses to} 25.
Bc4 Ra5 26. Nb3) 25. Bb5 Nb4 26. a4 Na6 27. f3 Nc5 28. e4 Rd8 29. Rc4 {
Grischuk conducts the game in classic Capablanca style. His pieces are well
enough placed to keep Black from finding counterplay. Now he will bring the
king up to complete Stage One.} h5 30. Kf2 f6 31. Ke3 Bf7 32. Rb4 Ra8 33. Ne2
Rc8 $2 {A big misstep from Black.} ({Containing the white rook's activity was
a must:} 33... Kf8 $1 {Maybe Pavel worried about} 34. Nc3 (34. Rd4 Ke7) 34...
Ke7 35. Be2 {but then Black has a tactical defence,} Rc8 36. Rxb6 $4 Nd7) 34.
Rd4 {Alexander seizes his chance.} Be8 35. Rd6 Bxb5 36. axb5 Kf7 37. Nc3 Re8
38. Rxb6 f5 39. Rd6 (39. Kd4 Ne6+ 40. Kd5 {looked more decisive.}) 39... fxe4
40. Nxe4 $2 {This isn't the first time a big advantage has slipped away in a
rook ending.} ({White keeps all the aces with the knights on the board.} 40.
fxe4) 40... Nxe4 41. fxe4 Ra8 42. Rd7+ Kf6 $2 {I cannot explain this. Clearly
White's main trump is the b-pawn, so Black had to get his king over to help.} (
{So, play} 42... Ke6 $1 43. Rxb7 {and then start your typical rook checks:}
Ra3+ 44. Kf2 ({It is not difficult to evaluate} 44. Kd4 Rxg3 45. Rh7 (45. b6
Rxg2 46. Rb8 Rb2 47. b7 Kd7 {safe and sound}) 45... h4 46. b6 Rxg2 47. b7 Rb2
48. Kc5 Ke5 49. Kc6 Kxe4 {reaching a draw with moves to spare.}) 44... Ra2+ 45.
Kg1 Rb2 46. b6 Rb1+ 47. Kh2 g4 $3 {The key move to keep the white king out of
play forever.} (47... Kd6 48. g4 $3 h4 49. Rg7) 48. Rb8 (48. Rh7 Ke5 49. Rxh5+
Kxe4 50. Rh6 Kf5) 48... Kd7 49. e5 Kc6 50. e6 Re1 {eliminating White's passers.
}) 43. Rxb7 Ra3+ 44. Kd4 Rxg3 45. b6 {A totally different picture now - the
black king is late coming over to the b-pawn.} Rxg2 46. Rb8 Rb2 47. b7 $1 {
This guarantees a win without the need to get the king involved, as the e-pawn
just marches on.} Kg7 48. e5 g4 49. Kc3 1-0